Daňovo-odvodové zaťaženie práce v EÚ diplomová práca

Uložené v:
Podrobná bibliografia
Hlavný autor: Ondrušková, Angelika
Korporativný autor: Národohospodárska fakulta EU. Katedra financií
Ďalší autori: Rabatinová, Marcela, 1977-
Médium: Kniha
Jazyk:Slovak
Vydavateľské údaje: Bratislava 2016
Tagy: Pridať tag
Žiadne tagy, Buďte prvý, kto otaguje tento záznam!

MARC

LEADER 00000nbm a2200000 4500
001 0225521
005 20170104132841.6
041 0 |a slo 
044 |a SK 
245 1 0 |a Daňovo-odvodové zaťaženie práce v EÚ  |b diplomová práca  |c Angelika Ondrušková ; školiteľ: Marcela Rabatinová 
264 1 |a Bratislava  |c 2016 
300 |a 69 s. 
100 1 |a Ondrušková, Angelika 
700 1 |a Rabatinová, Marcela, 1977- 
710 2 |a Národohospodárska fakulta EU. Katedra financií